<?xml version="1.0" encoding="UTF-8"?>
<record
    xmlns:xsi="http://www.w3.org/2001/XMLSchema-instance"
    xsi:schemaLocation="http://www.loc.gov/MARC21/slim http://www.loc.gov/standards/marcxml/schema/MARC21slim.xsd"
    xmlns="http://www.loc.gov/MARC21/slim">

  <leader>00869nam a22002414i 4500</leader>
  <datafield tag="999" ind1=" " ind2=" ">
    <subfield code="c">8056</subfield>
    <subfield code="d">8056</subfield>
  </datafield>
  <controlfield tag="003">OSt</controlfield>
  <controlfield tag="005">20260306125016.0</controlfield>
  <controlfield tag="008">170717e201704  sp a||| ||||| 0|0 e spa|c</controlfield>
  <datafield tag="020" ind1=" " ind2=" ">
    <subfield code="a">9788469725979</subfield>
  </datafield>
  <datafield tag="040" ind1=" " ind2=" ">
    <subfield code="c">cdmr</subfield>
    <subfield code="b">cat</subfield>
  </datafield>
  <datafield tag="100" ind1="1" ind2=" ">
    <subfield code="a">Velloso, Agust&#xED;n,</subfield>
    <subfield code="e">autor</subfield>
  </datafield>
  <datafield tag="245" ind1="1" ind2="0">
    <subfield code="a">Cuando Franco se fue a la guerra del Congo /</subfield>
    <subfield code="c">Agust&#xED;n Velloso Santisteban</subfield>
  </datafield>
  <datafield tag="264" ind1=" " ind2="1">
    <subfield code="a">[Madrid] :</subfield>
    <subfield code="b">La Ca&#xED;da / CEPRID,</subfield>
    <subfield code="c">2017</subfield>
  </datafield>
  <datafield tag="300" ind1=" " ind2=" ">
    <subfield code="a">144 p&#xE0;gines :</subfield>
    <subfield code="b">il&#xB7;lustracions ;</subfield>
    <subfield code="c">21 cm</subfield>
  </datafield>
  <datafield tag="490" ind1="1" ind2=" ">
    <subfield code="a">Colecci&#xF3;n Frantz Fanon</subfield>
  </datafield>
  <datafield tag="504" ind1=" " ind2=" ">
    <subfield code="a">Inclou bibliografia</subfield>
  </datafield>
  <datafield tag="600" ind1="1" ind2="7">
    <subfield code="a">Franco Bahamonde, Francisco,</subfield>
    <subfield code="d">1892-1975.</subfield>
  </datafield>
  <datafield tag="600" ind1="1" ind2="7">
    <subfield code="a">Lumumba, Patrice,</subfield>
    <subfield code="d">1925-1961</subfield>
    <subfield code="x">Assassinat.</subfield>
  </datafield>
  <datafield tag="650" ind1=" " ind2="7">
    <subfield code="a">Autodeterminaci&#xF3; nacional</subfield>
  </datafield>
  <datafield tag="650" ind1=" " ind2="0">
    <subfield code="a">Periodisme d'investigaci&#xF3;</subfield>
    <subfield code="9">3353</subfield>
  </datafield>
  <datafield tag="651" ind1=" " ind2="7">
    <subfield code="a">Congo (Rep&#xFA;blica Democr&#xE0;tica)</subfield>
    <subfield code="x">Hist&#xF2;ria</subfield>
    <subfield code="y">1960-1965, Guerra Civil</subfield>
    <subfield code="x">Participaci&#xF3; espanyola.</subfield>
  </datafield>
  <datafield tag="942" ind1=" " ind2=" ">
    <subfield code="c">MON</subfield>
    <subfield code="2">udc</subfield>
  </datafield>
  <datafield tag="952" ind1=" " ind2=" ">
    <subfield code="0">0</subfield>
    <subfield code="1">0</subfield>
    <subfield code="4">0</subfield>
    <subfield code="7">0</subfield>
    <subfield code="a">CDMR</subfield>
    <subfield code="b">CDMR</subfield>
    <subfield code="d">2026-03-06</subfield>
    <subfield code="e">Donaci&#xF3;</subfield>
    <subfield code="l">0</subfield>
    <subfield code="o">Dk 6/32</subfield>
    <subfield code="p">CDMR26031257</subfield>
    <subfield code="r">2026-03-06</subfield>
    <subfield code="w">2026-03-06</subfield>
    <subfield code="y">MON</subfield>
  </datafield>
</record>
